00380nam a2200157Ia 45000010006000000050017000060080041000230410008000640820016000721000032000882450049001202600009001693000028001786500008002066540008002142077820260306172830.0260306t2003||||xx |||||||||||||| ||spa|| aESP a343.8bA85I aAtaupillco Vera, DanteeAUT 0aImpuesto a la renta:bajuste por inflación c2003 a640 páginas :c21 cm. aGEN aCDE